Basic electrical engineering (Record no. 7166)

000 -LEADER
fixed length control field 00658nam a2200217 4500
001 - CONTROL NUMBER
control field 7166
003 - CONTROL NUMBER IDENTIFIER
control field BD-DhUET
008 - FIXED-LENGTH DATA ELEMENTS--GENERAL INFORMATION
fixed length control field 740521s1975 nyua 001 0 eng
020 ## - INTERNATIONAL STANDARD BOOK NUMBER
International Standard Book Number 0070211523
040 ## - CATALOGING SOURCE
Original cataloging agency DLC
Transcribing agency DLC
Modifying agency BD-DhUET
082 00 - DEWEY DECIMAL CLASSIFICATION NUMBER
Classification number 623
Item number FIT/1975
100 1# - MAIN ENTRY--PERSONAL NAME
Personal name Fitzgerald, A. E.
245 10 - TITLE STATEMENT
Title Basic electrical engineering
Remainder of title circuits,electronics,machines,control
Statement of responsibility, etc. by A. E. Fitzgerald, David E. Higginbotham and Arvin Grabel
250 ## - EDITION STATEMENT
Edition statement 4th ed.
260 ## - PUBLICATION, DISTRIBUTION, ETC. (IMPRINT)
Place of publication, distribution, etc. New York
Name of publisher, distributor, etc. McGraw-Hill
Date of publication, distribution, etc. 1975
300 ## - PHYSICAL DESCRIPTION
Extent xiv, 817 p.
Other physical details illus.
Dimensions 24 cm.
650 #0 - SUBJECT ADDED ENTRY--TOPICAL TERM
Topical term or geographic name as entry element Electricity : Engineering
700 ## - ADDED ENTRY--PERSONAL NAME
Personal name Higginbotham, David E.
700 ## - ADDED ENTRY--PERSONAL NAME
Personal name Grabel, Arvin
942 ## - ADDED ENTRY ELEMENTS (KOHA)
Koha item type General Book
Holdings
Sublocation or collection (holding branch) Source of classification or shelving scheme Shelving location Koha normalized classification for sorting Damaged status Piece designation (barcode) Lost status Location (home branch) Koha full call number Koha issues (times borrowed) Koha date last borrowed Not for loan Withdrawn status Date acquired Price effective from Koha date last seen Copy number Koha item type
Central Library, BUET Circulation section623PIT1975 65364 Central Library, BUET623/PIT/197512018-07-21  2014-12-072014-12-072018-08-041General Book
Central Library, BUET Circulation section623_000000000000000_PIT_1975 43309 Central Library, BUET623/PIT/1975    2015-03-122015-03-122015-03-122General Book
Central Library, BUET Circulation section623_000000000000000_PIT_1975 43314 Central Library, BUET623/PIT/1975    2015-03-122015-03-122015-03-123General Book
Central Library, BUET Circulation section623_000000000000000_PIT_1975 43676 Central Library, BUET623/PIT/1975    2015-03-122015-03-122015-03-124General Book
Central Library, BUET Circulation section623_000000000000000_PIT_1975 42843 Central Library, BUET623/PIT/1975    2015-03-122015-03-122015-03-125General Book
Central Library, BUET Circulation section623_000000000000000_FIT_1975 43308 Central Library, BUET623/FIT/1975    2015-04-162015-04-162015-04-166General Book
Central Library, BUET Circulation section623_000000000000000_FIT_1975 43316 Central Library, BUET623/FIT/1975    2015-04-182015-04-182015-04-187General Book
Central Library, BUET Circulation section623_000000000000000_FIT_1975 43310 Central Library, BUET623/FIT/1975    2015-04-212015-04-212015-04-218General Book
Central Library, BUET Circulation section623_000000000000000_FIT_1975 43677 Central Library, BUET623/FIT/1975    2015-04-212015-04-212015-04-219General Book
Central Library, BUET Circulation section623_000000000000000_FIT_1975 43313 Central Library, BUET623/FIT/1975    2015-04-212015-04-212015-04-2110General Book
Central Library, BUET Circulation section623_000000000000000_FIT_1975 43307 Central Library, BUET623/FIT/1975    2015-04-212015-04-212015-04-2111General Book
Central Library, BUET Circulation section623_000000000000000_FIT_1975 51101 Central Library, BUET623/FIT/1975    2015-04-212015-04-212015-04-2112General Book
Central Library, BUET Reading section623_000000000000000_FIT_1975 42841 Central Library, BUET623/FIT/1975    2015-06-282015-06-282015-06-2813Reading Item
Central Library, BUET Reading section623_000000000000000_FIT_1975 42840 Central Library, BUET623/FIT/1975    2015-06-282015-06-282015-06-2814Reading Item
Central Library, BUET Reading section623_000000000000000_FIT_1975 43679 Central Library, BUET623/FIT/1975    2015-06-282015-06-282015-06-2815Reading Item